Toshi no matsuri to minzoku /

Saved in:
Bibliographic Details
Main Author: Miyamoto, Tsuneichi, 1907-1981.
Other Authors: Sutō, Isao, 1938-
Format: Book
Language:Japanese
Published: Tōkyō : Miraisha, 1982.
Series:Miyamoto, Tsuneichi, 1907-1981. Nihon minshūshi ; 1967 ; 27.
Subjects:
Tags: Add Tag
No Tags, Be the first to tag this record!
LEADER 01349nam a2200349 a 4500
001 007714977-7
005 20024617115255.0
008 830419s1982 ja a 000 0 jpn
010 |a 83139656 //r85 
020 |c Y2500 
035 0 |a ocm17099824 
040 |a DLC  |c DLC  |d CLU  |d *YNH*  |d CStRLIN 
050 0 |a DS821  |b .M617 1967 vol. 27 
100 1 |6 880-01  |a Miyamoto, Tsuneichi,  |d 1907-1981. 
245 1 0 |6 880-02  |a Toshi no matsuri to minzoku /  |c [chosha Miyamoto Tsuneichi] 
260 |6 880-03  |a Tōkyō :  |b Miraisha,  |c 1982. 
300 |a 322 p. :  |b ill. ;  |c 19 cm. 
490 1 |6 880-04  |a Miyamoto Tsuneichi chosakushū ;  |v 27 
500 |6 880-05  |a "Henshū, kōsei, chūzuke, kaisetsu... Sutō Isao"--Pref. 
651 0 |a Japan  |x Social life and customs. 
650 0 |a Festivals  |z Japan. 
700 1 |6 880-06  |a Sutō, Isao,  |d 1938- 
880 1 |6 100-01  |a 宮本常一,  |d 1907- 
880 1 0 |6 245-02  |a 都市の祭と民俗 /  |c [著者宮本常一] 
880 |6 260-03  |a 東京 :  |b 未来社,  |c 1982. 
880 1 |6 490-04  |a 宮本常一著作集 ;  |v 27 
880 |6 500-05  |a "編集・校正・注付け・解說... 須藤功"--Pref. 
880 1 |6 700-06  |a 須藤功,  |d 1938- 
800 1 |6 880-07  |a Miyamoto, Tsuneichi,  |d 1907-1981.  |t Nihon minshūshi ;  |f 1967 ;  |v 27. 
880 1 |6 800-07  |a 宮本常一,  |d 1907-  |t Works.  |f 1967 ;  |v 27. 
988 |a 20021209 
906 |0 DLC